00318nam a22001337a 4500003000400000008004100004020001800045082001400063100001700077245003800094250001100132260003300143300000800176OSt240423b |||||||| |||| 00| 0 eng d a9789354246036 a332.1 KAF aKAPIL,Sheeba aFinancial Valuation and Modelling a1st Ed aNew DelhibWiley Indiac2022 a504